Rethinking the nature of war / (Record no. 2047)
[ view plain ]
| 000 -LEADER | |
|---|---|
| fixed length control field | 02017nac a22002891u 4500 |
| 010 ## - LIBRARY OF CONGRESS CONTROL NUMBER | |
| LC control number | 2004013075 |
| 020 ## - INTERNATIONAL STANDARD BOOK NUMBER | |
| International Standard Book Number | 0415354617 (hardback) |
| 020 ## - INTERNATIONAL STANDARD BOOK NUMBER | |
| International Standard Book Number | 0415354625 (pbk.) |
| 035 ## - SYSTEM CONTROL NUMBER | |
| System control number | (OCoLC)ocm55600698 |
| 082 00 - DEWEY DECIMAL CLASSIFICATION NUMBER | |
| Classification number | 355.02 |
| Item number | D958 |
| 090 ## - LOCALLY ASSIGNED LC-TYPE CALL NUMBER (OCLC); LOCAL CALL NUMBER (OCLC) | |
| -- | 2047 |
| -- | 2047 |
| 100 ## - MAIN ENTRY--PERSONAL NAME | |
| Personal name | 20080729 |
| 245 00 - TITLE STATEMENT | |
| Title | Rethinking the nature of war / |
| Statement of responsibility, etc | edited by Isabelle Duyvesteyn and Jan Angstrom. |
| 260 ## - PUBLICATION, DISTRIBUTION, ETC. (IMPRINT) | |
| Place of publication, distribution, etc | London ; |
| -- | New York : |
| Name of publisher, distributor, etc | Frank Cass,2005 |
| Date of publication, distribution, etc | 2005. |
| 300 ## - PHYSICAL DESCRIPTION | |
| Extent | xii, 247 p. ; |
| Dimensions | 24 cm. |
| 440 #0 - | |
| -- | Cass contemporary security studies series |
| 504 ## - BIBLIOGRAPHY, ETC. NOTE | |
| Bibliography, etc | Includes bibliographical references and index. |
| 505 0# - FORMATTED CONTENTS NOTE | |
| Formatted contents note | Debating the nature of modern war / Jan Angstrom -- Strategy in an age of 'low-intensity' warfare: why Clausewitz is still more relevant than his critics / M.L.R. Smith -- The concept of conventional war and armed conflict in collapsed states / Isabelle Duyvesteyn -- Warfare in civil wars / Stathis N. Kalyvas -- A different kind of war? September 11 and the United States' Afghan war / Colin Mcinnes -- New wars, old warfare? comparing US tactics in Vietnam and Afghanistan / Kersti Larsdotter -- The wars in former Yugoslavia in the 1990s: bringing the state back in / Bob De Graaff -- International operations to contain violence in a complex emergency / John Mackinlay -- Theories of globalisation and sub-state conflict / Paul B. Rich -- Elaborating the 'new war' thesis / Mary Kaldor -- Rethinking the nature of war: some conclusions / Isabelle Duyvesteyn. |
| 650 #0 - SUBJECT ADDED ENTRY--TOPICAL TERM | |
| Topical term or geographic name as entry element | War. |
| 650 #0 - SUBJECT ADDED ENTRY--TOPICAL TERM | |
| Topical term or geographic name as entry element | World politics |
| Chronological subdivision | 1989- |
| 700 1# - ADDED ENTRY--PERSONAL NAME | |
| Personal name | Duyvesteyn, Isabelle, |
| Dates associated with a name | 1972- |
| 700 1# - ADDED ENTRY--PERSONAL NAME | |
| Personal name | Angstrom, Jan. |
| 856 41 - ELECTRONIC LOCATION AND ACCESS | |
| Materials specified | Table of contents |
| Uniform Resource Identifier | <a href="http://www.loc.gov/catdir/toc/ecip0418/2004013075.html">http://www.loc.gov/catdir/toc/ecip0418/2004013075.html</a> |
| 856 41 - ELECTRONIC LOCATION AND ACCESS | |
| Materials specified | Publisher description |
| Uniform Resource Identifier | <a href="http://www.loc.gov/catdir/enhancements/fy0651/2004013075-d.html">http://www.loc.gov/catdir/enhancements/fy0651/2004013075-d.html</a> |
| 942 ## - ADDED ENTRY ELEMENTS (KOHA) | |
| Item type | Book - Borrowing |
| Call number prefix | 355.02D958 |
| Withdrawn status | Item status | Damaged status | Not for loan | Home library | Current library | Shelving location | Date acquired | Source of acquisition | Total Checkouts | Total Renewals | Full call number | Barcode | Date last seen | Date last borrowed | Cost, replacement price | Koha item type |
|---|---|---|---|---|---|---|---|---|---|---|---|---|---|---|---|---|
| Central Library | Central Library | First floor | 07/02/2008 | Purchase | 4 | 3 | 355.02 RET | 000002284 | 15/07/2025 | 19/10/2019 | 189.90 | Book - Borrowing |